000 00355nam a2200133Ia 4500
008 210210b1979 xxu||||| |||| 00| 0 eng d
082 _a769.12 LAKI
100 _aLAKSHMINARAYANAN (K).
245 _aIntroduction to stamp collecting.
260 _aMysore.
_bMysore Philatelics.,
_c1979
300 _a32
650 _aStamps
690 _aStamp Col
999 _c87858
_d87858